Логиката на лицата пред логиката на нещата (Запис номер 355136)
[ съкратено ]
| 000 -Лидер | |
|---|---|
| Контролно поле с фиксирана дължина | nam a22 a 4500 |
| 003 - Код на организацията, давaща контролен номер | |
| Контролно поле | BLK |
| 005 - Дата и час на последна редакция | |
| Контролно поле | 20220223085952.0 |
| 008 - Елементи от данни с фиксирана дължина | |
| fixed length control field | 200416b bu ||||| |||| 00| 0 bu d |
| 040 ## - Източник на каталожния запис | |
| Идентификатор на билиотеката - собственик на записа | BLK |
| 041 ## - Код за език | |
| Код за езика на текст/звукозапис или на отделно заглавие | Български |
| Код за езика КДБФ | Български |
| 080 ## - УДК | |
| Текстов определител УДК | Основни положения на логиката. Формална логика |
| УДК код - определител по УДК | 161/162 |
| УДК - код + определител | 161/162 |
| 100 ## - Редна дума - Автор | |
| R(LIN) | 303197 |
| Автор | Икономов, Тодор Поппетров |
| Авторска отговорност | първи автор |
| 139 ## - Редно поле | |
| Редна дума | Икономов, Тодор Поппетров |
| Авторски знак | Иконо - И 50 |
| 245 ## - Сведения за заглавието | |
| Заглавие | Логиката на лицата пред логиката на нещата |
| Редно поле (дума) | Тодор Поппетров Икономов |
| 260 ## - Област на издателските данни | |
| Място на издаване, разпространение и проч. | Русе |
| Година на издаване | 1886 |
| Печатница | Ст. Ив. Роглев |
| 300 ## - Физическа характеристика | |
| Страници | 24 с. |
| Размери/Мащаб | 25 см |
| 380 ## - Жанр | |
| Жанр | Философия |
| 650 #7 - Допълнително описание по предмет – тема | |
| 9 (RLIN) | 160748 |
| Основно описание – тема или топоним | Логика |
| 653 #7 - Ключова дума – ненормативна | |
| 9 (RLIN) | 190062 |
| Ключова дума | логика |
| 852 ## - Местоположение | |
| Форматна сигнатура | К 1/И 50 |
| 999 ## - СИСТЕМНИ КОНТРОЛНИ НОМЕРА | |
| Koha biblionumber | 355136 |
| Koha biblioitemnumber | 355136 |
| 942 ## - АРТИКУЛИ | |
| Вид на библиотечния материал | Книги |
| Скрит в OPAC | Не |
| Периодичен библиозапис | Да |
| 944 ## - СЪЗДАВАНЕ И РЕДАКЦИЯ на ЗАПИСА | |
| Дата на регистрацията/редакция | 2020-04-16 |
| Служител, извършил регистрацията/редакцията | Валя Йорданова |
| 999 ## - СИСТЕМНИ КОНТРОЛНИ НОМЕРА | |
| Koha biblioitemnumber | 355136 |
| Код за отписване | Код за изгубен артикул | Източник на класификационната схема | Код за повреда | Коз за рестрикции | Код за отдаване | Артикулен № | Име на библиотеката - собственик | Име на библиотеката, в която се намира в момента | Статус (Текущо местоположение) | Дата на вписване в системата | Местоположение - отдел | Цена в лева | Инвентарен номер | Систематично азбучна сигнатура | Баркод | Цена в евро | Служебен тип на артикула |
|---|---|---|---|---|---|---|---|---|---|---|---|---|---|---|---|---|---|
| Не е изгубен | Universal Decimal Classification | Не е повреден | само за читалня | ползва се в читалня | 762411 | Регионална библиотека "Любен Каравелов" Русе | Регионална библиотека "Любен Каравелов" Русе | Краезнание | 2020-04-17 | Краезнание | 0.20 | 16955/66 | К 1/И 50 | 900000003819 | 0.10 | Книги |